000 00593nam a2200193Ia 4500
008 151121s9999||||xx |||||||||||||| ||und||
082 _a818/उदारे
082 _bHNW-118086
100 _aउदारे रमेश
245 _aतो राजहंस एक
260 _b"आमोद प्रकाशन, मुंबई।"
260 _c2014
300 _a224
600 _aउदारे रमेश
630 _aतो राजहंस एक
700 _aउदारे रमेश
730 _aतो राजहंस एक
942 _cBOOK
999 _c1265638
_d1265635